Dự án hỗ trợ y tế ĐBSCL khung chính sách cho dân tộc thiểu số
Saved in:
| Corporate Author: | |
|---|---|
| Format: | Book |
| Language: | Undetermined |
| Published: |
Hà Nội
The World Bank
2005
|
| Subjects: | |
| Tags: |
Add Tag
No Tags, Be the first to tag this record!
|
| Institutions: | Trung tâm Học liệu Trường Đại học Cần Thơ |
|---|
| LEADER | 00625nam a2200193Ia 4500 | ||
|---|---|---|---|
| 001 | CTU_98279 | ||
| 008 | 210402s9999 xx 000 0 und d | ||
| 082 | |a 352.73 | ||
| 082 | |b W927 | ||
| 110 | |a The World Bank | ||
| 245 | 0 | |a Dự án hỗ trợ y tế ĐBSCL khung chính sách cho dân tộc thiểu số | |
| 245 | 4 | |c The World Bank | |
| 260 | |a Hà Nội | ||
| 260 | |b The World Bank | ||
| 260 | |c 2005 | ||
| 650 | |a The World Bank,Economic development projects | ||
| 650 | |x Economic assistance,Developing countries | ||
| 904 | |i Minh | ||
| 980 | |a Trung tâm Học liệu Trường Đại học Cần Thơ | ||